000 00856nam a2200241 a 4500
008 000203s1978||||[C 0 slo c
020 _c23 Kčs.
_q(7000 výtl.)
040 _aSNK
_bslo
_cSNK
_eAACR2
041 1 _aslo
_hslo
080 _a885.4-7(08)
080 _a885.4-1(08)
080 _a885.4-2(08)
080 _a885.4-3(08)
100 1 _aEliáš, Michal
_4aut
245 1 0 _aKratochvíľne historky
_bZo starého slovenského humoru a satiry
_cMichal Eliáš ; Branislav Slezáček
250 _a1., vyd.
260 _aMartin
_bOsveta
_c1978
_eLiptovský Mikuláš
_fTlačiarne SNP
300 _a301 s., 17,93 AH
_bFot. Ilustr.
_c24 cm
500 _aLit. 97. Ilustr. na front. Faksim. rkp. Pozn. Slovník. 97 zázn. lit. o knihách, zbor., čl., čas. a rkp. v jaz.slov.
700 1 _aSlezáček, Branislav
_4bkd
044 _axo
_cSK
958 _aA
999 _c10530
_d10530